A carregar...

Manuals of compnies act corporate laws and SEBI guidelines

Detalhes bibliográficos
Outros Autores: Puliani, Ravi (Editor), Puliani Mahesh
Formato: Printed Book
Idioma:English
Publicado em: New Delhi Bharat law house pvt ltd 2001
Assuntos:
LEADER 00680nam a2200205 a 4500
005 20151215124802.0
008 960221s1955 dcuabcdjdbkoqu001 0deng d
003 ViArRB
020 |a 8177330497 
082 |a 346.07  |b PUL 
100 |a Puliani, Ravi  |e Editor  |9 1451 
245 |a Manuals of compnies act corporate laws and SEBI guidelines 
260 |a New Delhi  |b Bharat law house pvt ltd  |c 2001 
300 |a 1397p.  |c Book  
500 |a Z2,312 P11 
653 |a Compaires act  |a Corporate law 
700 |a Puliani Mahesh  |9 1434 
942 |c BK  |6 _ 
999 |c 91721  |d 91721 
952 |0 0  |1 0  |2 ddc  |4 0  |6 34607_PUL  |7 0  |9 115041  |a SMS  |b SMS  |c REF  |d 0000-00-00  |o 346.07 PUL  |p SMS021627  |r 2011-01-12  |w 2009-08-21  |y REF